Effective small business management : (Record no. 17963)

MARC details
000 -LEADER
fixed length control field 01123pam a2200313 a 4500
001 - CONTROL NUMBER
control field 015748160
003 - CONTROL NUMBER IDENTIFIER
control field OSt
005 - DATE AND TIME OF LATEST TRANSACTION
control field 20201128021019.0
008 - FIXED-LENGTH DATA ELEMENTS--GENERAL INFORMATION
fixed length control field 110202t2012 njudo f b 001 0 eng d
020 ## - INTERNATIONAL STANDARD BOOK NUMBER
International Standard Book Number 9780132378154
020 ## - INTERNATIONAL STANDARD BOOK NUMBER
International Standard Book Number 0132378159
040 ## - CATALOGING SOURCE
Original cataloging agency StDuBDS
Language of cataloging eng
Transcribing agency StDuBDS
Modifying agency Uk
-- EG-ScBUE
043 ## - GEOGRAPHIC AREA CODE
Geographic area code n-us---
082 00 - DEWEY DECIMAL CLASSIFICATION NUMBER
Classification number 658.0220973
Item number SCA
Edition number 22
100 1# - MAIN ENTRY--PERSONAL NAME
Personal name Scarborough, Norman M.
9 (RLIN) 1573
245 10 - TITLE STATEMENT
Title Effective small business management :
Remainder of title an entrepreneurial approach /
Statement of responsibility, etc Norman M. Scarborough.
250 ## - EDITION STATEMENT
Edition statement 10th ed., International ed.
260 ## - PUBLICATION, DISTRIBUTION, ETC. (IMPRINT)
Place of publication, distribution, etc Upper Saddle River :
Name of publisher, distributor, etc Pearson Education, Inc. :
-- Pearson Prentice Hall,
Date of publication, distribution, etc c.2012.
300 ## - PHYSICAL DESCRIPTION
Extent 887 p. :
Other physical details chart, photographs ;
Dimensions 28 cm.
500 ## - GENERAL NOTE
General note Index : p. 867-887.
500 ## - GENERAL NOTE
General note Includes appendix.
504 ## - BIBLIOGRAPHY, ETC. NOTE
Bibliography, etc Includes bibliographical references.
650 #0 - SUBJECT ADDED ENTRY--TOPICAL TERM
Topical term or geographic name as entry element Small business
Geographic subdivision United States
General subdivision Management.
9 (RLIN) 34925
650 #0 - SUBJECT ADDED ENTRY--TOPICAL TERM
Topical term or geographic name as entry element Small business
General subdivision Management.
9 (RLIN) 238
650 #0 - SUBJECT ADDED ENTRY--TOPICAL TERM
Topical term or geographic name as entry element New business enterprises
Geographic subdivision United States
General subdivision Management.
9 (RLIN) 34926
653 ## - INDEX TERM--UNCONTROLLED
Resource For college BAEPS, Business Administration
Arrived date list January2014
-- April2015
655 ## - INDEX TERM--GENRE/FORM
Form subdivision
-- 33728
942 ## - ADDED ENTRY ELEMENTS (KOHA)
Source of classification or shelving scheme Dewey Decimal Classification
Call number prefix 658.022 SCA
Holdings
Withdrawn status Item status Source of classification or shelving scheme Damaged status Not for loan Vendor Home library Current library Shelving location Date acquired Source of acquisition Total Checkouts Full call number Barcode Date last seen Koha item type Materials specified (bound volume or other part) Total Renewals Date last borrowed Cost, normal purchase price Cost, replacement price
    Dewey Decimal Classification     Baccah Central Library Central Library First floor 26/01/2014     658.0220973 SCA 000035479 15/07/2025 NB - Book (Non borrowing)          
  Lost Dewey Decimal Classification     Baccah Central Library Central Library First floor 26/01/2014   10 658.0220973 SCA 000035480 24/08/2022 Book - Borrowing Lost_In_Inventory_12-2-2024 49 06/03/2019    
    Dewey Decimal Classification     Baccah Central Library Central Library First floor 26/01/2014   6 658.0220973 SCA 000035481 15/07/2025 Book - Borrowing   31 17/02/2019    
    Dewey Decimal Classification     Baccah Central Library Central Library First floor 08/04/2015   9 658.0220973 SCA 000037968 15/07/2025 Book - Borrowing   30 17/02/2019 270.00 337.50
    Dewey Decimal Classification     Baccah Central Library Central Library First floor 08/04/2015   9 658.0220973 SCA 000037969 15/07/2025 Book - Borrowing   24 24/02/2019 270.00 337.50